| 000 | 00674nam a2200229 u 4500 | ||
|---|---|---|---|
| 005 | 20210223131624.0 | ||
| 008 | 111122s2002 r 000 0 eng d | ||
| 020 | _a8434871610 | ||
| 035 | _aUPN01000182579 | ||
| 049 | _aI | ||
| 050 | 4 |
_aP211 _bJ5.5 2002 |
|
| 100 | 1 | _aJimeno, Almudena | |
| 245 | 1 | 3 |
_aEl enigma de la escritura / _cAlmudena Jimeno. |
| 250 | _a4a ed. | ||
| 260 |
_aMadrid : _bSM, _c2002. |
||
| 300 |
_a109 p. : _bil. |
||
| 440 | 3 |
_aBarco de vapor. _pSaber ; _v1 |
|
| 440 | 0 | _aNaranja: no antes de los 9 aƱos | |
| 650 | 4 |
_aESCRITURA - _xHISTORIA - _vLITERATURA INFANTIL _912578 |
|
| 650 | 4 |
_aESCRITURA - _vLITERATURA INFANTIL _911213 |
|
| 905 | _aInfantil | ||
| 999 |
_c154682 _d154682 |
||